[Event "14th Varna it"]
[Site "Varna BUL"]
[Date "1975.05.??"]
[Round "1"]
[White "Alexandria, Nana"]
[Black "Padevsky, Nikola"]
[Result "0-1"]
[WhiteElo "2335"]
[BlackElo "2480"]
[EventDate "1975.05.08"]
[PlyCount "62"]

1. e4 e5 2. Nf3 Nc6 3. Bb5 a6 4. Ba4 Nf6 5. Qe2 d6 6. d4 b5 7. dxe5 Nxe5 8.
Nxe5 dxe5 9. Bb3 Bc5 10. Be3 Qe7 11. Nd2 O-O 12. f3 Bxe3 13. Qxe3 c5 14. c3 c4
15. Bc2 Be6 16. O-O Nd7 17. Rfd1 Rfd8 18. Nf1 Nc5 19. Qe2 Rxd1 20. Rxd1 Rd8 21.
Ne3 Rxd1+ 22. Qxd1 g6 23. b4 cxb3 24. axb3 a5 25. Nd5 Bxd5 26. Qxd5 Qc7 27. Bd3
a4 28. bxa4 Nxd3 29. Qxd3 bxa4 30. Qf1 a3 31. Qe2 Qa5 0-1

[Event "14th Varna it"]
[Site "Varna BUL"]
[Date "1975.05.??"]
[Round "1"]
[White "Fernandez Bravo, Ciro"]
[Black "Spasov, Luben"]
[Result "0-1"]
[WhiteElo "2290"]
[BlackElo "2430"]
[EventDate "1975.05.08"]
[PlyCount "76"]

1. e4 c5 2. Nf3 d6 3. d4 cxd4 4. Nxd4 Nf6 5. Nc3 Nc6 6. Bc4 e6 7. Be3 Be7 8.
Qe2 O-O 9. O-O-O a6 10. Bb3 Qe8 11. Kb1 Nd7 12. g4 Nc5 13. g5 Nxb3 14. axb3 b5
15. Rhg1 b4 16. Na4 Bb7 17. Qh5 Nxd4 18. Rxd4 Qb5 19. Rg3 g6 20. Qh6 f5 21.
gxf6 Rxf6 22. Rc4 Bf8 23. Qh4 Rf7 24. Qh3 Re8 25. Rg5 d5 26. exd5 exd5 27. Rh4
Bc8 28. Qg2 Bf5 29. Rf4 Bg7 30. Rfxf5 Rxf5 31. Rxf5 gxf5 32. Bd4 Re1+ 33. Ka2
Re7 34. Qg5 Qd7 35. Nb6 h6 36. Qg2 Qd6 37. Nxd5 Rf7 38. Qf3 Bxd4 0-1

[Event "14th Varna it"]
[Site "Varna BUL"]
[Date "1975.05.??"]
[Round "1"]
[White "Gurgenidze, Bukhuti"]
[Black "Ermenkov, Evgeny"]
[Result "1-0"]
[WhiteElo "2495"]
[BlackElo "2430"]
[EventDate "1975.05.08"]
[PlyCount "161"]

1. d4 Nf6 2. Bg5 c5 3. Bxf6 gxf6 4. d5 f5 5. c3 e5 6. e3 Bg7 7. Ne2 O-O 8. d6
Nc6 9. Ng3 Qf6 10. Na3 a6 11. Nc4 b5 12. Nb6 Rb8 13. Nd5 Qg6 14. Bd3 e4 15. Bc2
Be5 16. f4 Bxd6 17. Qh5 Qxh5 18. Nxh5 Rd8 19. Ng3 Ne7 20. Nxe7+ Bxe7 21. Nxf5
Bf8 22. Bxe4 d5 23. Bc2 b4 24. cxb4 Rxb4 25. b3 Re8 26. Kf2 d4 27. exd4 Bxf5
28. Bxf5 Rxd4 29. Kf3 Rd2 30. Rhd1 Rde2 31. Rd3 Bg7 32. Rad1 Bd4 33. R1d2 Re1
34. Kg4 a5 35. Rh3 R8e2 36. Rhd3 Kg7 37. Bd7 Re7 38. Bf5 Rb7 39. Rh3 h6 40. Bd3
Rb6 41. Rh5 Rd6 42. Bc4 Rg6+ 43. Kh3 Re3+ 44. g3 Rd6 45. a4 Re1 46. Rf5 f6 47.
Kg4 Kg6 48. Rd3 Rh1 49. h4 Rg1 50. Rf3 Rc1 51. Bb5 Re1 52. Bd3 Kg7 53. Kh5 Rh1
54. Bc4 Rd8 55. Rd3 Rd6 56. Rd2 Re1 57. g4 Re4 58. g5 hxg5 59. hxg5 Re1 60.
gxf6+ Rxf6 61. Rg2+ Kf8 62. Rxf6+ Bxf6 63. Rg8+ Ke7 64. Ra8 Bc3 65. Ra7+ Kd6
66. Ra6+ Ke7 67. f5 Re4 68. Ra7+ Kd6 69. Kg5 Bd2+ 70. Kf6 Bc3+ 71. Kf7 Rf4 72.
Ra6+ Ke5 73. f6 Kf5 74. Ke7 Re4+ 75. Kd7 Rd4+ 76. Kc8 Rh4 77. f7 Rh8+ 78. Kd7
Bd2 79. Re6 Ra8 80. Re8 Ra7+ 81. Kc6 1-0

[Event "14th Varna it"]
[Site "Varna BUL"]
[Date "1975.05.??"]
[Round "1"]
[White "Lengyel, Levente"]
[Black "Angelov, Kosta"]
[Result "1/2-1/2"]
[WhiteElo "2410"]
[BlackElo "2325"]
[EventDate "1975.05.08"]
[PlyCount "34"]

1. Nf3 Nf6 2. c4 g6 3. g3 Bg7 4. Bg2 O-O 5. d4 c5 6. d5 d6 7. O-O b5 8. cxb5 a6
9. bxa6 Bxa6 10. Nc3 Nbd7 11. h3 Qc7 12. Rb1 Rab8 13. Qc2 Nb6 14. Nd2 Nfd7 15.
a3 c4 16. a4 Bxc3 17. Qxc3 Nf6 1/2-1/2

[Event "14th Varna it"]
[Site "Varna BUL"]
[Date "1975.05.??"]
[Round "1"]
[White "Mueller, Klaus"]
[Black "Kozma, Julius"]
[Result "1/2-1/2"]
[WhiteElo "2470"]
[BlackElo "2380"]
[EventDate "1975.05.08"]
[PlyCount "35"]

1. e4 c6 2. Nc3 d5 3. Nf3 Bg4 4. h3 Bxf3 5. Qxf3 Nf6 6. d3 e6 7. a3 Nbd7 8. g3
Be7 9. Bg2 O-O 10. O-O dxe4 11. dxe4 e5 12. Be3 Nc5 13. Rad1 Qc7 14. Qe2 Ne6
15. f4 Bc5 16. f5 Qb6 17. Bxc5 Nxc5 18. Qf2 1/2-1/2

[Event "14th Varna it"]
[Site "Varna BUL"]
[Date "1975.05.??"]
[Round "1"]
[White "Szymczak, Zbigniew"]
[Black "Suba, Mihai"]
[Result "1/2-1/2"]
[WhiteElo "2390"]
[BlackElo "2470"]
[EventDate "1975.05.08"]
[PlyCount "35"]

1. Nf3 Nf6 2. c4 c5 3. Nc3 d5 4. cxd5 Nxd5 5. g3 g6 6. Bg2 Bg7 7. O-O Nc6 8.
Nxd5 Qxd5 9. d3 Qd6 10. Rb1 O-O 11. a3 b6 12. Be3 Be6 13. Qa4 Ba2 14. Ra1 Bd5
15. Rab1 Rfd8 16. Qh4 Nd4 17. Nxd4 cxd4 18. Rfc1 1/2-1/2

[Event "14th Varna it"]
[Site "Varna BUL"]
[Date "1975.05.??"]
[Round "1"]
[White "Vukic, Milan"]
[Black "Popov, Luben"]
[Result "1/2-1/2"]
[WhiteElo "2450"]
[BlackElo "2460"]
[EventDate "1975.05.08"]
[PlyCount "85"]

1.Nf3 c5 2.c4 Nf6 3.Nc3 b6 4.g3 Bb7 5.Bg2 d6 6.O-O e6 7.d4 cxd4 8.Qxd4 a6 
9.Rd1 Be7 10.e4 Qc7 11.b3 Nc6 12.Qe3 O-O 13.Bb2 Rfe8 14.Rd2 Nd7 15.Rad1 
Nc5 16.Nd4 Rad8 17.Nce2 Nxd4 18.Bxd4 e5 19.Bc3 b5 20.cxb5 axb5 21.Bb4 Na6 
22.Rc1 Bc6 23.Ba3 Qb7 24.Rdc2 Bd7 25.b4 Rc8 26.Nc3 Nc7 27.Bb2 h6 28.h4 Be6
29.a3 Bb3 30.Rd2 Be6 31.Kh2 Red8 32.Bh3 Bf6 33.Qe2 Be7 34.Rdc2 Rb8 35.Bxe6
fxe6 36.Nb1 Ne8 37.Nd2 Bf8 38.Nb3 Nf6 39.Na5 Qxe4 40.Qxe4 Nxe4 41.Nc6 Nf6 
42.Nxd8 Rxd8 43.Rc8 1/2-1/2

[Event "14th Varna it"]
[Site "Varna BUL"]
[Date "1975.05.??"]
[Round "2"]
[White "Angelov, Kosta"]
[Black "Popov, Luben"]
[Result "1/2-1/2"]
[WhiteElo "2325"]
[BlackElo "2460"]
[EventDate "1975.05.08"]
[PlyCount "82"]

1. e4 c5 2. c3 d5 3. exd5 Qxd5 4. d4 e6 5. Nf3 Nf6 6. Bd3 Be7 7. O-O O-O 8. Ne5
Nc6 9. Re1 cxd4 10. Nxc6 bxc6 11. cxd4 c5 12. dxc5 Rd8 13. Be2 Qf5 14. Qb3 Bxc5
15. Be3 Bxe3 16. Qxe3 Nd5 17. Qg3 Nf4 18. Nc3 Bb7 19. Bf3 Nh3+ 20. Kf1 Bxf3 21.
Qxf3 Qxf3 22. gxf3 Nf4 23. Rad1 Kf8 24. Re4 g5 25. Red4 Rxd4 26. Rxd4 Rb8 27.
Rd2 Ke7 28. Ne4 h6 29. Rc2 f5 30. Nc5 Kd6 31. Nb3 Rb5 32. Rc8 Rd5 33. Ke1 Nd3+
34. Kf1 Kd7 35. Rc2 Nb4 36. Rc4 Nd3 37. Ra4 Nxb2 38. Rxa7+ Kd6 39. Ra5 Rxa5 40.
Nxa5 Kc5 41. Ke2 Kb4 1/2-1/2

[Event "14th Varna it"]
[Site "Varna BUL"]
[Date "1975.05.??"]
[Round "2"]
[White "Ermenkov, Evgeny"]
[Black "Vukic, Milan"]
[Result "1/2-1/2"]
[WhiteElo "2430"]
[BlackElo "2450"]
[EventDate "1975.05.08"]
[PlyCount "22"]

1. e4 c6 2. d4 d5 3. Nd2 dxe4 4. Nxe4 Bf5 5. Ng3 Bg6 6. h4 h6 7. Nf3 Nd7 8. h5
Bh7 9. Bd3 Bxd3 10. Qxd3 e6 11. Bd2 Qc7 1/2-1/2

[Event "14th Varna it"]
[Site "Varna BUL"]
[Date "1975.05.??"]
[Round "2"]
[White "Kozma, Julius"]
[Black "Szymczak, Zbigniew"]
[Result "1/2-1/2"]
[WhiteElo "2380"]
[BlackElo "2390"]
[EventDate "1975.05.08"]
[PlyCount "33"]

1. Nf3 Nf6 2. g3 g6 3. Bg2 Bg7 4. O-O O-O 5. d4 d5 6. c4 dxc4 7. Na3 Nc6 8.
Nxc4 Be6 9. b3 Bd5 10. Bb2 a5 11. Rc1 a4 12. bxa4 Ra6 13. Nfe5 Bxg2 14. Kxg2
Qa8 15. Nxc6 bxc6 16. Kg1 Rxa4 17. a3 1/2-1/2

[Event "14th Varna it"]
[Site "Varna BUL"]
[Date "1975.05.??"]
[Round "2"]
[White "Lengyel, Levente"]
[Black "Fernandez Bravo, Ciro"]
[Result "1/2-1/2"]
[WhiteElo "2410"]
[BlackElo "2290"]
[EventDate "1975.05.08"]
[PlyCount "36"]

1. Nf3 Nf6 2. c4 e6 3. Nc3 c5 4. g3 Nc6 5. Bg2 d5 6. cxd5 exd5 7. d4 Be7 8. O-O
O-O 9. Bg5 cxd4 10. Nxd4 h6 11. Be3 Re8 12. Rc1 Bf8 13. Nxc6 bxc6 14. Bd4 Nh7
15. Na4 Bd7 16. Bc5 Ng5 17. Bxf8 Kxf8 18. e3 Kg8 1/2-1/2

[Event "14th Varna it"]
[Site "Varna BUL"]
[Date "1975.05.??"]
[Round "2"]
[White "Padevsky, Nikola"]
[Black "Gurgenidze, Bukhuti"]
[Result "1-0"]
[WhiteElo "2480"]
[BlackElo "2495"]
[EventDate "1975.05.08"]
[PlyCount "57"]

1.c4 c5 2.g3 Nc6 3.Bg2 g6 4.Nc3 Bg7 5.e3 h5 6.h4 Nh6 7.Nge2 Nf5 8.a3 Rb8 
9.Rb1 Nd6 10.d3 b5 11.cxb5 Nxb5 12.Nxb5 Rxb5 13.Qc2 Bb7 14.O-O Qa8 15.Nc3 
Bxc3 16.Qxc3 O-O 17.Kh2 d6 18.f4 Nb8 19.Bh3 Bc6 20.f5 Nd7 21.e4 Ne5 22.Bh6
Rbb8 23.fxg6 fxg6 24.Bxf8 Rxf8 25.Rxf8+ Qxf8 26.Rf1 Qb8 27.b4 Bb5 28.Qb3+ 
c4 29.dxc4 1-0

[Event "14th Varna it"]
[Site "Varna BUL"]
[Date "1975.05.??"]
[Round "2"]
[White "Spasov, Luben"]
[Black "Mueller, Klaus"]
[Result "1/2-1/2"]
[WhiteElo "2430"]
[BlackElo "2470"]
[EventDate "1975.05.08"]
[PlyCount "45"]

1. Nf3 Nf6 2. c4 e6 3. d4 d5 4. g3 c5 5. cxd5 exd5 6. Bg2 Nc6 7. O-O Be7 8. Nc3
O-O 9. Be3 c4 10. Ne5 Qa5 11. Bg5 Rd8 12. Qd2 h6 13. Bxf6 Bxf6 14. f4 Bf5 15.
Kh1 Rac8 16. a3 a6 17. e3 Rd6 18. Bf3 Rcd8 19. Qg2 g6 20. g4 Bc8 21. Qg3 Bg7
22. h4 Ne7 23. Bg2 1/2-1/2

[Event "14th Varna it"]
[Site "Varna BUL"]
[Date "1975.05.??"]
[Round "2"]
[White "Suba, Mihai"]
[Black "Alexandria, Nana"]
[Result "1-0"]
[WhiteElo "2470"]
[BlackElo "2335"]
[EventDate "1975.05.08"]
[PlyCount "113"]

1. c4 e5 2. Nc3 Nf6 3. Nf3 Nc6 4. e3 Bb4 5. Qc2 O-O 6. Be2 Re8 7. O-O Bxc3 8.
bxc3 d6 9. e4 Ne7 10. Nh4 Ng6 11. Nxg6 hxg6 12. d3 Be6 13. f4 exf4 14. Bxf4 Bg4
15. Bg5 Bxe2 16. Qxe2 Re5 17. h4 Qe7 18. Rf2 Qe6 19. Raf1 Nh5 20. Qf3 Rf8 21.
g4 Nf6 22. Bxf6 gxf6 23. Qxf6 Qxg4+ 24. Rg2 Qh5 25. Rf5 Re6 26. Qxf7+ Rxf7 27.
Rxh5 Rf3 28. Rd5 Kf7 29. Rd2 Rh3 30. Rh2 Rf3 31. Rf2 Ref6 32. Rxf3 Rxf3 33. c5
dxc5 34. Kg2 Re3 35. Kf2 Rh3 36. Rxc5 c6 37. d4 Rxh4 38. Kf3 Rh3+ 39. Kf4 Rh4+
40. Kf3 Rh2 41. a4 Ke6 42. a5 Rh5 43. e5 Kd7 44. Kg4 b6 45. axb6 axb6 46. Rc4
c5 47. Ra4 Ke6 48. Ra8 Rh1 49. Rd8 b5 50. Rd6+ Ke7 51. d5 Rg1+ 52. Kf3 Rd1 53.
Ke2 Rc1 54. Rxg6 Rxc3 55. d6+ Kd7 56. Rg7+ Kc6 57. d7 1-0

[Event "14th Varna it"]
[Site "Varna BUL"]
[Date "1975.05.??"]
[Round "3"]
[White "Alexandria, Nana"]
[Black "Kozma, Julius"]
[Result "1-0"]
[WhiteElo "2335"]
[BlackElo "2380"]
[EventDate "1975.05.08"]
[PlyCount "97"]

1. e4 e5 2. Nf3 Nc6 3. Bb5 a6 4. Ba4 Nf6 5. d4 exd4 6. O-O Be7 7. e5 Ne4 8.
Nxd4 O-O 9. Nf5 d5 10. Bxc6 bxc6 11. Nxe7+ Qxe7 12. Re1 f6 13. f3 Ng5 14. Bf4
Ne6 15. Bg3 f5 16. Nd2 f4 17. Bf2 Qg5 18. Nb3 Rf5 19. Qd2 Bd7 20. Nd4 Nxd4 21.
Bxd4 Re8 22. e6 Bxe6 23. Qc3 Qg6 24. Qxc6 Rg5 25. Re2 Bf7 26. Qxg6 Rxg6 27.
Rxe8+ Bxe8 28. Re1 Bf7 29. Kf2 Re6 30. Rxe6 Bxe6 31. Be5 c6 32. Bxf4 d4 33. Ke2
Bc4+ 34. Ke1 Kf7 35. b3 Be6 36. Bd6 Bf5 37. Kd2 Ke6 38. Bf8 g5 39. Bg7 c5 40.
Bf8 g4 41. Bxc5 Kd5 42. Ba7 h5 43. c3 dxc3+ 44. Kxc3 h4 45. fxg4 Bxg4 46. Bf2
h3 47. gxh3 Bxh3 48. Kb4 Kc6 49. Ka5 1-0

[Event "14th Varna it"]
[Site "Varna BUL"]
[Date "1975.05.??"]
[Round "3"]
[White "Fernandez Bravo, Ciro"]
[Black "Angelov, Kosta"]
[Result "1/2-1/2"]
[WhiteElo "2290"]
[BlackElo "2325"]
[EventDate "1975.05.08"]
[PlyCount "55"]

1. e4 d5 2. exd5 Nf6 3. c4 c6 4. Nc3 cxd5 5. d4 g6 6. cxd5 Bg7 7. Bc4 O-O 8.
Nge2 Nbd7 9. Bb3 Nb6 10. Nf4 Bd7 11. O-O Rc8 12. d6 exd6 13. Be3 a5 14. a4 Nc4
15. Ncd5 Be6 16. Nxe6 fxe6 17. Nf4 Qe7 18. Re1 Nd5 19. Nxd5 exd5 20. Rc1 Qf7
21. Rc3 Rce8 22. Qd3 Qf5 23. Qxf5 Rxf5 24. Bxc4 dxc4 25. Rxc4 b5 26. axb5 Rxb5
27. Rb1 Reb8 28. Kf1 1/2-1/2

[Event "14th Varna it"]
[Site "Varna BUL"]
[Date "1975.05.??"]
[Round "3"]
[White "Gurgenidze, Bukhuti"]
[Black "Suba, Mihai"]
[Result "1-0"]
[WhiteElo "2495"]
[BlackElo "2470"]
[EventDate "1975.05.08"]
[PlyCount "90"]

1.e4 Nf6 2.e5 Nd5 3.d4 d6 4.Nf3 Bg4 5.Be2 e6 6.O-O Be7 7.c4 Nb6 8.Nc3 O-O 
9.Be3 d5 10.c5 Bxf3 11.gxf3 Nc8 12.f4 c6 13.Bd3 g6 14.b4 Re8 15.Kh1 Bf8 
16.f5 exf5 17.Bxf5 Bg7 18.Bh3 f5 19.Rg1 Ne7 20.Bg5 Nd7 21.Ne2 Nf8 22.Nf4 
Qd7 23.b5 Ne6 24.Nxe6 Qxe6 25.Rb1 h6 26.Bxe7 Rxe7 27.bxc6 bxc6 28.Qd3 Rf8 
29.f4 h5 30.Qg3 Kh7 31.Bf1 Bh6 32.Rg2 Rg7 33.Bd3 Qc8 34.Rgb2 Qc7 35.Rb4 
Qa5 36.a4 Rfg8 37.h4 Rf7 38.Kh2 Bf8 39.Qe1 Be7 40.Kh3 Rfg7 41.Qe2 Rf8 42.
Rb7 Kh8 43.Rg1 Rfg8 44.e6 Qc3 45.Rxg6 Rh7 1-0

[Event "14th Varna it"]
[Site "Varna BUL"]
[Date "1975.05.??"]
[Round "3"]
[White "Mueller, Klaus"]
[Black "Lengyel, Levente"]
[Result "1-0"]
[WhiteElo "2470"]
[BlackElo "2410"]
[EventDate "1975.05.08"]
[PlyCount "67"]

1. e4 c5 2. Nf3 e6 3. c3 d5 4. exd5 exd5 5. d4 Nc6 6. Be2 Bd6 7. dxc5 Bxc5 8.
Nbd2 Nf6 9. Nb3 Bb6 10. O-O h6 11. Nbd4 O-O 12. h3 Bc7 13. Be3 a6 14. Re1 Qd6
15. Qd3 Ne7 16. Rad1 Bd7 17. Bf1 Rfe8 18. g3 Ng6 19. Bg2 Bb6 20. Nc2 Qc7 21.
Nb4 Bxe3 22. Rxe3 Rxe3 23. Qxe3 Bc6 24. Qc5 Ne4 25. Qd4 Nf6 26. Nh4 Nxh4 27.
Qxh4 Rd8 28. c4 dxc4 29. Rxd8+ Qxd8 30. Nxc6 bxc6 31. Qxc4 Qa5 32. Bxc6 Qe1+
33. Kg2 a5 34. a3 1-0

[Event "14th Varna it"]
[Site "Varna BUL"]
[Date "1975.05.??"]
[Round "3"]
[White "Popov, Luben"]
[Black "Ermenkov, Evgeny"]
[Result "0-1"]
[WhiteElo "2460"]
[BlackElo "2430"]
[EventDate "1975.05.08"]
[PlyCount "100"]

1. d4 Nf6 2. c4 c5 3. d5 e6 4. Nc3 exd5 5. cxd5 d6 6. Nf3 g6 7. Nd2 Bg7 8. Nc4
O-O 9. Bg5 h6 10. Bh4 b6 11. e3 Ba6 12. a4 Qe7 13. Qc2 Nbd7 14. Be2 Bxc4 15.
Bxc4 g5 16. Bg3 Nh5 17. O-O f5 18. Rae1 Ne5 19. Be2 Nxg3 20. hxg3 f4 21. exf4
gxf4 22. gxf4 Rxf4 23. g3 Qg5 24. Kg2 Raf8 25. Bd1 Ng6 26. Ne4 Nh4+ 27. Kh3
Qf5+ 28. g4 Qe5 29. Ng3 Qg5 30. Re4 Ng6 31. Nh5 Be5 32. Rxf4 Rxf4 33. Rh1 Rf7
34. Kg2 Nh4+ 35. Kh3 Nf3 36. Bxf3 Rxf3+ 37. Kg2 Qxg4+ 38. Kf1 Qf5 39. Qe2 Kf7
40. Kg2 Rb3 41. Ng3 Bxg3 42. fxg3 Qxd5+ 43. Kh2 Qe5 44. Qc4+ Qe6 45. Rf1+ Ke7
46. Qh4+ Kd7 47. Rf2 Re3 48. Qh5 Re5 49. Qf3 Qd5 50. Qg4+ Kc7 0-1

[Event "14th Varna it"]
[Site "Varna BUL"]
[Date "1975.05.??"]
[Round "3"]
[White "Szymczak, Zbigniew"]
[Black "Spasov, Luben"]
[Result "1/2-1/2"]
[WhiteElo "2390"]
[BlackElo "2430"]
[EventDate "1975.05.08"]
[PlyCount "67"]

1. Nf3 Nf6 2. c4 g6 3. Nc3 Bg7 4. g3 O-O 5. Bg2 d6 6. d4 c5 7. O-O Nc6 8. d5
Na5 9. Nd2 e5 10. e4 Ng4 11. b3 f5 12. h3 Nh6 13. exf5 gxf5 14. Bb2 Bd7 15. Qc2
Qc7 16. f4 Nf7 17. Rae1 Rae8 18. Nd1 b6 19. Ne3 Qc8 20. Nf3 Nb7 21. Nh4 Nh6 22.
Re2 Re7 23. Rfe1 e4 24. Bxg7 Rxg7 25. Kh2 Qd8 26. Bf1 Kf7 27. Rg2 Qf6 28. Qb2
Qxb2 29. Rxb2 Rfg8 30. Rg2 Kf6 31. Be2 Ke7 32. Reg1 Rf8 33. Rf1 Rfg8 34. Rfg1
1/2-1/2

[Event "14th Varna it"]
[Site "Varna BUL"]
[Date "1975.05.??"]
[Round "3"]
[White "Vukic, Milan"]
[Black "Padevsky, Nikola"]
[Result "0-1"]
[WhiteElo "2450"]
[BlackElo "2480"]
[EventDate "1975.05.08"]
[PlyCount "92"]

1.Nf3 g6 2.d4 Bg7 3.c4 Nf6 4.g3 d5 5.Bg2 dxc4 6.Na3 Nc6 7.Nxc4 O-O 8.O-O 
Be6 9.b3 Bd5 10.Bb2 a5 11.Ne3 Be4 12.a3 Qc8 13.Nc4 Rd8 14.e3 h6 15.Qe2 Bd5
16.Rfc1 Qe6 17.Ne1 Bxg2 18.Nxg2 Nxd4 19.Bxd4 Rxd4 20.Nf4 Rxf4 21.gxf4 Nd5 
22.Ne5 Bxe5 23.fxe5 Qxe5 24.Qf3 Ra6 25.Rd1 Rd6 26.Rac1 c6 27.Rd4 Kg7 28.
Qe4 Qf6 29.Qh4 g5 30.Qg4 Re6 31.Ra4 Nc3 32.Rc4 Nb5 33.Rc5 b6 34.Rf5 Qb2 
35.Qd1 Rd6 36.Qc2 Qxc2 37.Rxc2 Nxa3 38.Rb2 e6 39.Rf3 c5 40.h4 f5 41.hxg5 
hxg5 42.Kg2 g4 43.Rf4 b5 44.e4 Kf6 45.exf5 exf5 46.f3 Kg5 0-1

[Event "14th Varna it"]
[Site "Varna BUL"]
[Date "1975.05.??"]
[Round "4"]
[White "Angelov, Kosta"]
[Black "Ermenkov, Evgeny"]
[Result "0-1"]
[WhiteElo "2325"]
[BlackElo "2430"]
[EventDate "1975.05.08"]
[PlyCount "82"]

1. e4 c5 2. d4 cxd4 3. c3 Nf6 4. e5 Nd5 5. cxd4 d6 6. Nf3 Nc6 7. Bc4 Nb6 8. Bb5
d5 9. Nh4 e6 10. Nf3 Be7 11. O-O Bd7 12. Nc3 Nb4 13. Be2 a5 14. a3 Nc6 15. Nb5
a4 16. Bd3 Na5 17. Rb1 Bc6 18. Re1 Nbc4 19. Nc3 b5 20. h4 Bxh4 21. g3 Be7 22.
Kg2 h6 23. Ne2 Kd7 24. Bc2 g5 25. Rh1 h5 26. Be3 Rb8 27. Nc1 Nxe3+ 28. fxe3 Nc4
29. Kf2 g4 30. Nh4 Bg5 31. Ng2 f6 32. Nd3 fxe5 33. dxe5 Qb6 34. Re1 Rbf8+ 35.
Ngf4 h4 36. Qxg4 hxg3+ 37. Kxg3 Nxe3 38. Qxg5 Nxc2 39. Ng6 Rfg8 40. Qe7+ Kc8
41. Qxe6+ Kb7 0-1

[Event "14th Varna it"]
[Site "Varna BUL"]
[Date "1975.05.??"]
[Round "4"]
[White "Fernandez Bravo, Ciro"]
[Black "Mueller, Klaus"]
[Result "0-1"]
[WhiteElo "2290"]
[BlackElo "2470"]
[EventDate "1975.05.08"]
[PlyCount "80"]

1.e4 g6 2.d4 Bg7 3.Nc3 d6 4.f4 Nc6 5.Be3 Nf6 6.Nf3 O-O 7.Qd2 Ng4 8.Bg1 e5 
9.d5 Nb8 10.h3 Nf6 11.fxe5 dxe5 12.g4 h5 13.g5 Ne8 14.O-O-O Nd7 15.Kb1 a6 
16.h4 Nd6 17.Bh3 b5 18.Qe1 Qe7 19.Ka1 a5 20.Nb1 Bb7 21.Bf1 Rfb8 22.Rh2 Bc8
23.Rc1 Nb6 24.Nfd2 Ba6 25.c4 Ndxc4 26.Nxc4 Nxc4 27.Bxc4 bxc4 28.Na3 Rb4 
29.Rc3 c6 30.dxc6 Rc8 31.Nc2 Rbb8 32.Ne3 Rxc6 33.Nd5 Qb7 34.Ra3 Bf8 35.
Rxa5 c3 36.bxc3 Bd3 37.a4 Qb1+ 38.Qxb1 Rxb1+ 39.Ka2 Rxg1 40.Ra8 Bc4+ 0-1

[Event "14th Varna it"]
[Site "Varna BUL"]
[Date "1975.05.??"]
[Round "4"]
[White "Kozma, Julius"]
[Black "Gurgenidze, Bukhuti"]
[Result "0-1"]
[WhiteElo "2380"]
[BlackElo "2495"]
[EventDate "1975.05.08"]
[PlyCount "146"]

1. d4 e6 2. c4 Bb4+ 3. Nd2 f5 4. Ngf3 Nf6 5. g3 b6 6. Bg2 Bb7 7. O-O O-O 8. Qb3
Bd6 9. d5 Na6 10. Nd4 Nc5 11. Qc2 Qe8 12. b4 Nce4 13. Nxe4 fxe4 14. dxe6 Bxb4
15. Nb5 Qh5 16. Bb2 dxe6 17. h3 Rf7 18. Rad1 Bc5 19. Bd4 Raf8 20. e3 Bxd4 21.
Nxd4 Qe5 22. Ne2 Nd7 23. Qc3 Qxc3 24. Nxc3 Nc5 25. Rd2 a6 26. Rd4 e5 27. Rd2
Rf6 28. h4 Kf7 29. Rfd1 Re8 30. Rd8 Re7 31. R1d2 Re8 32. Rxe8 Kxe8 33. Kf1 Rd6
34. Rxd6 cxd6 35. Ke2 Bc6 36. Kd2 Ke7 37. Bf1 h6 38. Be2 Kd7 39. Bf1 Ke7 40.
Be2 g5 41. hxg5 hxg5 42. Bf1 Kd8 43. Be2 Be8 44. Nd5 Nd7 45. Nb4 a5 46. Nd5 Bf7
47. Nc3 Nf6 48. a3 Kd7 49. Kc2 Kc6 50. Kb2 Be6 51. Kb3 Bh3 52. Bd1 Bf1 53. Bc2
Bd3 54. Bd1 Nd7 55. Na4 Nc5+ 56. Kc3 Nxa4+ 57. Bxa4+ Kc5 58. Bb3 Bf1 59. Bc2
Bxc4 60. Bxe4 d5 61. Bf5 e4 62. Bg6 b5 63. Bf5 b4+ 64. axb4+ axb4+ 65. Kb2 Be2
66. Kc2 Kc4 67. Be6 b3+ 68. Kb2 g4 69. Bc8 Kd3 70. Kxb3 Bf3 71. Kb4 Ke2 72. Kc5
Kxf2 73. Kxd5 Kxe3 0-1

[Event "14th Varna it"]
[Site "Varna BUL"]
[Date "1975.05.??"]
[Round "4"]
[White "Lengyel, Levente"]
[Black "Szymczak, Zbigniew"]
[Result "1/2-1/2"]
[WhiteElo "2410"]
[BlackElo "2390"]
[EventDate "1975.05.08"]
[PlyCount "40"]

1. Nf3 Nf6 2. g3 g6 3. b3 Bg7 4. Bb2 O-O 5. Bg2 d5 6. c4 c6 7. O-O Bg4 8. d4
Nbd7 9. Nbd2 Rc8 10. Ne1 Bf5 11. Nd3 Bxd3 12. exd3 e6 13. Nf3 Qb6 14. Ne5 Rfd8
15. Qe2 c5 16. dxc5 Nxc5 17. d4 Ncd7 18. c5 Qc7 19. Nd3 Nb8 20. a4 Nc6 1/2-1/2

[Event "14th Varna it"]
[Site "Varna BUL"]
[Date "1975.05.??"]
[Round "4"]
[White "Padevsky, Nikola"]
[Black "Popov, Luben"]
[Result "1/2-1/2"]
[WhiteElo "2480"]
[BlackElo "2460"]
[EventDate "1975.05.08"]
[PlyCount "24"]

1. d4 d5 2. Nf3 Nf6 3. c4 c6 4. cxd5 cxd5 5. Nc3 Nc6 6. Bf4 Bf5 7. e3 e6 8. Bd3
Bxd3 9. Qxd3 Bd6 10. O-O O-O 11. Bg3 Bxg3 12. fxg3 Rc8 1/2-1/2

[Event "14th Varna it"]
[Site "Varna BUL"]
[Date "1975.05.??"]
[Round "4"]
[White "Spasov, Luben"]
[Black "Alexandria, Nana"]
[Result "1-0"]
[WhiteElo "2430"]
[BlackElo "2335"]
[EventDate "1975.05.08"]
[PlyCount "135"]

1. d4 Nf6 2. c4 e6 3. Nf3 b6 4. a3 Bb7 5. Nc3 d5 6. cxd5 exd5 7. Bg5 Nbd7 8. e3
a6 9. Bd3 Bd6 10. O-O O-O 11. b4 Re8 12. Qb3 Qe7 13. Rfe1 Qe6 14. Ne2 Ne4 15.
Bf4 Ndf6 16. Bxd6 Qxd6 17. Ne5 Re7 18. Rec1 Rae8 19. Ng3 Nxg3 20. hxg3 Rxe5 21.
dxe5 Rxe5 22. Qc3 Re7 23. a4 Ng4 24. Qd4 Ne5 25. Rab1 g6 26. Be2 Nc6 27. Qd2 a5
28. bxa5 Nxa5 29. Qb4 Qxb4 30. Rxb4 Bc8 31. Bf3 Be6 32. e4 dxe4 33. Bxe4 Rd7
34. Bf3 Kf8 35. g4 Ke7 36. g5 Nb3 37. Re1 Nc5 38. Rh4 Rd2 39. Rd1 Rxd1+ 40.
Bxd1 Kd6 41. Rxh7 Ne4 42. f3 Nxg5 43. Rh4 Bd5 44. Kf2 Ne6 45. Ke3 Nc5 46. Rb4
g5 47. g3 Ne6 48. Bc2 Ke5 49. Bd3 f6 50. Bc2 Kd6 51. Bd3 Ba2 52. Bc2 Bd5 53.
Bb3 Bc6 54. Bc2 Bd5 55. Rb1 Ke5 56. Rb5 Kd6 57. Be4 Bc4 58. Rb4 Kc5 59. Rb1 Kd6
60. Rd1+ Ke5 61. Bc6 Bb3 62. Rd7 Nc5 63. Rd4 Ne6 64. f4+ gxf4+ 65. gxf4+ Kf5
66. Rb4 Ba2 67. Be4+ Kg4 68. f5 1-0

[Event "14th Varna it"]
[Site "Varna BUL"]
[Date "1975.05.??"]
[Round "4"]
[White "Suba, Mihai"]
[Black "Vukic, Milan"]
[Result "0-1"]
[WhiteElo "2470"]
[BlackElo "2450"]
[EventDate "1975.05.08"]
[PlyCount "92"]

1. c4 e5 2. Nc3 Nf6 3. Nf3 Nc6 4. e3 Bb4 5. Qc2 O-O 6. Be2 Re8 7. O-O e4 8. Ne1
Bxc3 9. bxc3 d6 10. f3 Bf5 11. fxe4 Bxe4 12. d3 Bg6 13. e4 Nd7 14. Nf3 Nc5 15.
Bg5 Qd7 16. Nh4 h6 17. Be3 Bh7 18. Nf5 Ne7 19. Bg4 Nxf5 20. Bxf5 Bxf5 21. Rxf5
b6 22. Raf1 Re6 23. Qe2 Rf8 24. Bd4 Rg6 25. h4 Qe7 26. Bf2 Nd7 27. h5 Re6 28.
Rf4 Ne5 29. Bg3 Qe8 30. d4 Nd7 31. Qg4 f6 32. Qf5 Rf7 33. Rg4 Kh8 34. Rf3 Rfe7
35. Re3 Nf8 36. d5 Re5 37. Bxe5 Rxe5 38. Qf3 Qxh5 39. Rf4 Qe8 40. Rf5 Re7 41.
c5 dxc5 42. e5 Ng6 43. e6 Nh4 44. Qe4 Nxf5 45. Qxf5 Qa4 46. Rh3 Qxa2 0-1

[Event "14th Varna it"]
[Site "Varna BUL"]
[Date "1975.05.??"]
[Round "5"]
[White "Alexandria, Nana"]
[Black "Lengyel, Levente"]
[Result "1/2-1/2"]
[WhiteElo "2335"]
[BlackElo "2410"]
[EventDate "1975.05.08"]
[PlyCount "80"]

1. e4 c5 2. Nf3 e6 3. d4 cxd4 4. Nxd4 a6 5. Nc3 Qc7 6. g3 Nf6 7. Bg2 Bb4 8. O-O
Bxc3 9. bxc3 O-O 10. Bg5 d6 11. Bxf6 gxf6 12. Qg4+ Kh8 13. Qh4 Nd7 14. e5 d5
15. exf6 Qe5 16. c4 Qxf6 17. cxd5 Qxh4 18. gxh4 exd5 19. Bxd5 Nc5 20. Nb3 Be6
21. Bg2 Rac8 22. Rfd1 b5 23. Rd6 Rg8 24. Kh1 Na4 25. Nd4 Rgd8 26. Rxd8+ Rxd8
27. Nxe6 fxe6 28. Bh3 Nc5 29. Re1 Rd2 30. Bxe6 Rxc2 31. Bb3 Nxb3 32. axb3 Ra2
33. Re7 h5 34. Re5 Kg7 35. Rxh5 Ra3 36. Rg5+ Kh6 37. Rd5 Rxb3 38. Rd6+ Kh5 39.
Rxa6 Kxh4 40. Kg2 Rb1 1/2-1/2

[Event "14th Varna it"]
[Site "Varna BUL"]
[Date "1975.05.??"]
[Round "5"]
[White "Ermenkov, Evgeny"]
[Black "Padevsky, Nikola"]
[Result "1/2-1/2"]
[WhiteElo "2430"]
[BlackElo "2480"]
[EventDate "1975.05.08"]
[PlyCount "29"]

1. e4 e5 2. Nf3 Nc6 3. Bb5 a6 4. Ba4 Nf6 5. O-O Be7 6. Bxc6 dxc6 7. Qe1 c5 8.
Nxe5 Qd4 9. Nf3 Qxe4 10. Qxe4 Nxe4 11. Re1 Nf6 12. d4 cxd4 13. Nxd4 c5 14. Nf3
h6 15. Nc3 1/2-1/2